000
00297nam a22001337a 4500
020
_a
81-7224-156-9
082
_a
200
_b
JAI/G
100
_a
JAICO
245
_a
GLIMPSES OF WORLD RELIGIONS
260
_a
MUMBAI
_b
JAICO PUBLICATIONS
_c
2006
300
_a
267
650
_a
RELIGIOUS
_z
INDIA
942
_c
BK
999
_c
5480
_d
5480